000 00665nas a2200217 4500
001 BR8805175
003 BR-BrBNA
005 20231205091258.0
007 ta
008 230509b bl.|||p| |||| 00| 00por d
040 _aBR-BrBNA
_bpor
_cBiblioteca Nacional de Agricultura
041 _a(Pt)
072 _aF01
110 1 _aInstituto Brasileiro de Economia, Rio de Janeiro, RJ (Brasil). Centro de Estudos Agricolas
_95761
245 1 _aAlgodao
650 _aALGODAO
650 _aPRATICA CULTURAL
773 0 _tAgroanalysis (Brazil)
_xISSN 0100-4298
_g(May 1987), v. 11(5) p. 2-9
_wBR8805175
909 _a202311
_bLúcia
_c55
_dLúcia Elande
942 _2AGRIS
_n0
_cANA
999 _c124085
_d124085